| 000 | 01641nam a2200409 a 4500 | ||
|---|---|---|---|
| 001 | 00380 | ||
| 003 | DO-SdBNP | ||
| 005 | 20180309105541.0 | ||
| 007 | 00380 | ||
| 008 | 091118s2012 dr 2012 000 0 spa d | ||
| 020 | _a9789945117257 | ||
| 020 | _a9789945116410 - Guía | ||
| 040 |
_aBPMSU _bspa _cBPMSU |
||
| 092 |
_a372.83 _bR175s 4to. 2012 |
||
| 100 | 1 | _aRamos Santos, Henry | |
| 245 | 1 | 0 |
_aSociedad 4 : _beducación básica / _cHenry Ramos Santos, Francisca Alcántara ; dirección editorial Obdulia García de Escobar ; editora Margarita Castro Catrain |
| 260 |
_aSanto Domingo : _bSantillana, _c2012. |
||
| 300 |
_a2 v. : _bil., mapas., retrs. ; _c28 cm. |
||
| 490 | 1 | _aInnova | |
| 500 | _aLa biblioteca posee el libro y la guía | ||
| 505 | 0 |
_tNuestro planeta -- _tLos medios naturales -- _tNuestro país -- _tNuestros indígenas -- _tEl descubrimiento -- _tLa vida en la colonia -- _tDivisión de la isla -- _tLa República.. |
|
| 650 | 4 |
_aCIENCIAS SOCIALES _xENSEÑANZA BÁSICA |
|
| 650 | 4 |
_aCIENCIAS SOCIALES _xEDUCACIÓN PRIMARIA |
|
| 650 | 4 |
_aCIENCIAS SOCIALES _xLIBROS DE TEXTOS |
|
| 650 | 4 |
_aCIENCIAS SOCIALES _xESTUDIOS Y EJERCICIOS |
|
| 650 | 4 |
_aEDUCACIÓN PRIMARIA _zREPÚBLICA DOMINICANA |
|
| 700 | 1 | 2 | _aAlcántara, Francisca |
| 700 | 1 | 2 |
_aGarcía de Escobar, Obdulia, _eed. |
| 700 | 1 | 2 |
_aCastro Catrain, Margarita, _eed. |
| 830 | 0 | _aInnova | |
| 910 | _aValidado. Control de calidad MFF | ||
| 942 |
_2ddc _cBK |
||
| 945 | _aRemanejado para BNPHU / 2018 BT | ||
| 956 |
_aYLOCKWARD _b10 _c20150617 _lBND01 _h1122 |
||
| 956 |
_aVMATEO _b10 _c20150617 _lBMET02 _h00151 |
||
| 956 |
_aBTAVÁREZ _b10 _c20160513 _l00380 |
||
| 999 |
_c10134 _d10134 |
||